Normal view
MARC view
Entry Personal Name
001 - CONTROL NUMBER
- control field: 26263
003 - CONTROL NUMBER IDENTIFIER
- control field:
005 - DATE AND TIME OF LATEST TRANSACTION
- control field: 20260204114801.0
008 - FIXED-LENGTH DATA ELEMENTS
- fixed length control field: 260204|| aca||aabn | a|a d
040 ## - CATALOGING SOURCE
- Original cataloging agency:
- Transcribing agency:
100 ## - HEADING--PERSONAL NAME
- Personal name: Timmons, Michael J
670 ## - SOURCE DATA FOUND
- Source citation: Work cat.: ()13469: Ireland A, Kathleen 26262, Work book to accompany student tutor CD-ROM, c2004.